Deutsche Streamer mit 1mio Follower auf Twitch - Sudden Death - Statistiken

Allgemein
  • Dieses Quiz wurde 5.079 mal gespielt
    385 seit der letzten Aktualisierung
  • Das Durchschnittsergebnis liegt bei 5 aus 26
Answers on the Grid
Answers color-coded by a green-red scale on the quiz's grid according to % correct below.
Vadeal
HoneyPuu
LetsHugoTV
MontanaBlack88
Trymacs
Papaplatte
TheRealKnossi
EliasN97
BastiGHG
Rewinside
Letshe
Amar
GRONKH
ELoTRiX
ungespielt
MckyTV
HandOfBlood
UnsympathischTV
RevedTV
xRohat
SidneyEweka
Rezonfn
INSCOPE21TV
Abougoku9999
Stegi
NoWay4u_Sir
Repaz
Rezo
Chefstrobel
Giggand
Gamerbrother
TrilluXe
SparkofPhoenix
Paluten
Gnu
xTheSolution
PietSmiet
Anni The Duck
Rumathra
Fibii
NiklasWilson
GTIMETV
Zarbex
Mexify
Tanzverbot
 
Antwortstatistiken
Antwort % Korrekt
Trymacs
47%
Papaplatte
46%
EliasN97
45%
MontanaBlack88
42%
BastiGHG
38%
TheRealKnossi
38%
Rewinside
32%
HandOfBlood
29%
GRONKH
25%
Zarbex
23%
UnsympathischTV
18%
ungespielt
17%
RevedTV
15%
Amar
14%
INSCOPE21TV
14%
LetsHugoTV
14%
ELoTRiX
12%
HoneyPuu
10%
MckyTV
9%
NiklasWilson
9%
SidneyEweka
9%
xRohat
9%
Letshe
5%
Rezonfn
5%
GTIMETV
4%
Vadeal
3%
Keine übereinstimmenden Quizze gefunden
Verteilung der Resultate
Anzahl Personen mit jedem Resultat
Perzentil nach korrekt beantworteten Fragen
Ihre Resultats-Entwicklung
Sie haben dieses Quiz seit der letzten Aktualisierung nicht gespielt